000 00402 a2200157 4500
999 _c3711
_d3711
020 _a9780431090948
050 _aML 3470 BRU 1998
100 _aBrunning, Bob
245 _a1980s pop /
_cBob Brunning
264 _aOxford :
_bHeinemann Library,
_c1998
300 _a32p. :
_bill.(col)
440 _aSound trackers
500 _aIncludes index
650 _aRock music
942 _2lcc
_cBK
_h3470
_iBRU
_kML